Why are you taking my?

Bibliographic Details
Corporate Author: United States. Animal and Plant Health Inspection Service
Format: Government Document Book
Language:English
Published: [Washington] : Dept. of Agriculture, Animal and Plant Health Inspection Service, [1979]
Subjects:

MARC

Tag First Indicator Second Indicator Subfields
LEADER 00000cam a2200000 i 4500
001 in00000802410
005 20151017103830.0
008 791030s1979 dcua f00010 eng d
010 |a gp 80001865  
020 |c pbk. 
035 |a (OCoLC)05624053 
035 |9 ADT8277AM 
037 |b 20250 
040 |c GPO  |d UtOrBLW 
043 |a n-us--- 
074 |a 30-A-5 
086 0 |a A 101.2:W 62 
110 1 |a United States.  |b Animal and Plant Health Inspection Service. 
245 1 0 |a Why are you taking my? 
264 1 |a [Washington] :  |b Dept. of Agriculture, Animal and Plant Health Inspection Service,  |c [1979] 
300 |a 8 unnumbered pages :  |b color illustrations ;  |c 23 x 9 cm. 
336 |a text  |b txt  |2 rdacontent 
337 |a unmediated  |b n  |2 rdamedia 
338 |a volume  |b nc  |2 rdacarrier 
500 |a Issued Aug. 1979. 
650 0 |a Plant quarantine  |z United States. 
650 0 |a Quarantine, Veterinary  |x United States. 
650 0 |a Travelers  |z United States. 
999 |a MARS 
999 f f |s 2d4eba42-30be-38ce-8988-d9d26000caca  |i a58eefdb-aa8e-36ec-be1c-84edd2a5322a  |t 0 
952 f f |p normal  |a Texas A&M University  |b College Station  |c Sterling C. Evans Library  |d Evans: US Documents (Annex 5th floor)  |t 0  |e A 101.2:W 62  |h Superintendent of Documents classification  |i unmediated -- volume  |m A14813592152 
998 f f |a A 101.2:W 62  |t 0  |l Evans: US Documents (Annex 5th floor)